000 00760nam a2200241 a 4500
001 BRCA_8024
005 20190320210111.0
008 210314s1960----nyua###f##---#001-0#eng-#
041 _aeng
044 _anyu
050 4 _aN8650
_b.S35
100 1 _aSchab, William H.
_919933
245 1 0 _aMonuments of book ilustration
_bfive centuries of art, literature & science
_cWilliam H. Schab.
260 _aNew York
_bWilliam H. Schab Gallery
_c[1960]
300 _a132 p.
_bil., 64 láminas
_c29 cm.
440 0 _aMonuments of book ilustration
_pCatalogue forty-seven
_919934
500 _a3166
650 1 4 _aArte
_vGalerías
_919935
650 1 4 _aArte
_vCatálogos
_94925
650 1 4 _aArte
_vColecciones y coleccionistas
_919936
902 _aGFM
942 _2lcc
_cB
999 _c7693
_d7693